Normal view
MARC view
- Religion and psychology.
Entry Topical Term
001 - CONTROL NUMBER
- control field: 65368
003 - CONTROL NUMBER IDENTIFIER
- control field: OSt
005 - DATE AND TIME OF LATEST TRANSACTION
- control field: 20250217130251.0
008 - FIXED-LENGTH DATA ELEMENTS
- fixed length control field: 250217|| aca||babn | a|a d
040 ## - CATALOGING SOURCE
- Original cataloging agency: OSt
150 ## - HEADING--TOPICAL TERM
- Topical term or geographic name entry element: Religion and psychology.
